Construction materials (Record no. 3506)

000 -LEADER
fixed length control field 00497nam a22002057a 4500
001 - CONTROL NUMBER
control field 3506
003 - CONTROL NUMBER IDENTIFIER
control field BD-DhUET
008 - FIXED-LENGTH DATA ELEMENTS--GENERAL INFORMATION
fixed length control field 0
020 ## - INTERNATIONAL STANDARD BOOK NUMBER
International Standard Book Number 0419154701
040 ## - CATALOGING SOURCE
Transcribing agency 0
Modifying agency BD-DhUET
082 ## - DEWEY DECIMAL CLASSIFICATION NUMBER
Classification number 620.136
Item number ILL/1994
100 ## - MAIN ENTRY--PERSONAL NAME
Personal name Illston, J. M.
245 ## - TITLE STATEMENT
Title Construction materials
Remainder of title their nature and behavior
250 ## - EDITION STATEMENT
Edition statement 1st ed.
260 ## - PUBLICATION, DISTRIBUTION, ETC. (IMPRINT)
Place of publication, distribution, etc. London
Name of publisher, distributor, etc. E & FN Spon
Date of publication, distribution, etc. 1994
300 ## - PHYSICAL DESCRIPTION
Extent xxiii, 517 p.
Other physical details ill.
Dimensions 20 cm.
504 ## - BIBLIOGRAPHY, ETC. NOTE
Bibliography, etc Includes bibliographies
650 #0 - SUBJECT ADDED ENTRY--TOPICAL TERM
Topical term or geographic name as entry element Concrete-Engineering
942 ## - ADDED ENTRY ELEMENTS (KOHA)
Koha item type General Book
Holdings
Piece designation (barcode) Not for loan Koha date last seen Copy number Koha item type Sublocation or collection (holding branch) Withdrawn status Shelving location Price effective from Date acquired Koha issues (times borrowed) Koha renewals Koha date last borrowed Koha full call number Damaged status Location (home branch) Source of classification or shelving scheme Lost status Koha normalized classification for sorting
92490 2021-06-301General BookCentral Library, BUET Circulation section2014-11-012014-11-011 2015-03-04620.136/ILL/1994 Central Library, BUET  620_136000000000000_ILL_1994
92503 2014-11-012General BookCentral Library, BUET Circulation section2014-11-012014-11-01   620.136/ILL/1994 Central Library, BUET  620_136000000000000_ILL_1994
92499 2021-08-283General BookCentral Library, BUET Circulation section2014-11-012014-11-011 2021-08-28620.136/ILL/1994 Central Library, BUET  620_136000000000000_ILL_1994
92494 2016-03-124General BookCentral Library, BUET Circulation section2014-11-012014-11-01 2 620.136/ILL/1994 Central Library, BUET  620_136000000000000_ILL_1994
92501 2014-11-015General BookCentral Library, BUET Circulation section2014-11-012014-11-01   620.136/ILL/1994 Central Library, BUET  620_136000000000000_ILL_1994
92486 2024-09-146General BookCentral Library, BUET Circulation section2014-11-012014-11-011 2024-09-07620.136/ILL/1994 Central Library, BUET  620_136000000000000_ILL_1994
92484 2015-06-147Reading ItemCentral Library, BUET Reading section2015-06-142015-06-14   620.136/ILL/1994 Central Library, BUET  620_136000000000000_ILL_1994